Marcatori della Germania ai Mondiali - Qatar 2022 - Statistics

Statistiche generali
  • Questo quiz è stato fatto 6 volte
  • Il punteggio medio è 5 su 6
Statistiche sulle risposte
Partita Minuto Marcatore % Corretto
Costa Rica - Germania 2-4 73' Kai Havertz
100%
Costa Rica - Germania 2-4 85' Kai Havertz
100%
Spagna - Germania 1-1 83' Niclas Füllkrug
100%
Costa Rica - Germania 2-4 89' Niclas Füllkrug
100%
Germania - Giappone 1-2 33' İlkay Gündoğan
67%
Costa Rica - Germania 2-4 10' Serge Gnabry
50%
Nessun quiz corrispondente trovato
Distribuzione punteggi
Percentuale di utenti per punteggio
Percentile per numero di risposta
I tuoi punteggi nel tempo
Non hai fatto questo quiz